| 000 | 01070cam a22003251i 4500 | ||
|---|---|---|---|
| 001 | 200468062 | ||
| 003 | TR-AnTOB | ||
| 005 | 20260413164342.0 | ||
| 007 | ta | ||
| 008 | 260413s1955 nyu b 000 1 eng d | ||
| 040 |
_aTR-AnTOB _beng _erda _cTR-AnTOB |
||
| 041 | 0 | _aeng | |
| 050 | 0 | 0 |
_aPS2384 _b.T83 1955 |
| 090 |
_aPS2384 _b.T83 1955 TıpFaK |
||
| 100 | 1 |
_aMelville, Herman, _d1819-1891. _eauthor _942465 |
|
| 245 | 1 | 0 |
_aTypee / _cby Herman Melville adapted by Michael West. |
| 264 | 1 |
_aNew York : _bLongmans, Green and Co., _c1955. |
|
| 300 |
_a158 pages ; _c19 cm |
||
| 336 |
_atext _btxt _2rdacontent |
||
| 337 |
_aunmediated _bn _2rdamedia |
||
| 338 |
_avolume _bnc _2rdacarrier |
||
| 650 | 0 |
_aIndigenous peoples _vFiction. |
|
| 650 | 0 |
_aSailors _vFiction. _9153495 |
|
| 651 | 0 |
_aMarquesas Islands (French Polynesia) _vFiction. |
|
| 655 | 7 |
_aAdventure stories. _2gsafd |
|
| 655 | 7 |
_aFiction. _2lcgft _0https://id.loc.gov/authorities/genreForms/gf2014026339 _9151487 |
|
| 700 | 1 |
_aWest, Michael _eeditor _9153579 |
|
| 942 |
_2lcc _cBK |
||
| 999 |
_c200468062 _d86274 |
||